| 000 | 01021nam a22002537a 4500 | ||
|---|---|---|---|
| 003 | OSt | ||
| 005 | 20251017195812.0 | ||
| 008 | 240202b ||||| |||| 00| 0 eng d | ||
| 040 | _c0 | ||
| 082 | _aDPer 621.317 Ie21 January 2022 v. 37 n. 1 | ||
| 100 |
_aJia, Pengyu. _eauthor. _951235 |
||
| 245 |
_aAn isolated high step-up converter based on the active secondary-side quasi-resonant loops / _cPengyu Jia, Zhe Su, Tiancong Shao, and Yang Mei. |
||
| 260 |
_aNew York ; _bThe Institute of Electrical and Electronics Engineers, Inc. , _cJanuary 2022. |
||
| 300 |
_aVolume 37, pages 659-673 : _billustration ; _c28 cm. |
||
| 500 | _aIEEE Transactions on Power Electronic, v. 37 n. 1, pages 659-673, January 2022. | ||
| 650 | 0 |
_a Capacitors. _965717 |
|
| 650 | 0 |
_aDC–DC power converter. _965730 |
|
| 650 | 0 |
_aSwitches. _965864 |
|
| 700 |
_aJia, Pengyu. _eauthor. _951235 |
||
| 700 |
_aSu, Zhe. _eauthor. _951236 |
||
| 700 |
_aShao, Tiancong. _eauthor. _951237 |
||
| 700 |
_aMei, Yang. _eauthor. _951238 |
||
| 942 |
_2ddc _cPER |
||
| 999 |
_c18882 _d18882 |
||